| 000 | 00724nam a22001097a 4500 | ||
|---|---|---|---|
| 008 | 150914b xxu||||| |||| 00| 0 eng d | ||
| 100 | _aSluyter, Hans-Walter | ||
| 245 | _aOPD Leipzig | ||
| 260 |
_aBerlin, Germany _bOffsetdruckerei Gerhard Weinert GmbH _c1995 |
||
| 500 | _3Text in German: Regional Directorate of Posts Leipzig. Cover title | ||
| 650 | _aAllied Occupation | Germany | West Saxony | Leipzig (District) | OPD Leipzig | Germany, East (1945-1990) | Russia | Occupation of West Saxony | Occupation of Germany | Locals and Private Posts | Occupation Issues | Provisionals and Forerunners | 1945 | 1946 | 1945-1946 | Errors and and Varieties | Plates and Plating | Production | Post World War II | Catalogs and Price Lists | ||
| 999 |
_c1720 _d1720 |
||